000
00316nam a2200121Ia 4500
005
20251222144816.0
008
251222s9999||||xx |||||||||||||| ||spa||
082
_a
278.385/V23
100
_a
Vallejo Lagos, Mauro
245
0
_a
Provincia misionera San Francisco Solano del PerĂº
264
_b
Centenario
942
_c
LIB
999
_c
20295
_d
20295